00768cam a22002177a 4500003000500000005001700005008004100022010001000063011001000073035001000083040000900093100003300102245015700135260004000292300002200332502006900354650004100423650002900464650002900493650002800522CHAP20220329141256.0971010s1989 r 00010 d a65579 a66551 a74876 cCHAP00aSérbulo Sosa, Juan Carlos. 0aRespuesta del crisantemo (Chrysanthemum morifolium Ramat) cv. Indianapolis White, a las aplicaciones de ácido giberélico (AG3) y fertilizante foliar aChapingo, Méx. :bEl autor,c1989 a73 h.b: gráfs. aTesis (Ing. Agr. Esp. en Suelos) -- UACH. Departamento de Suelos14aAcido giberelicoxEfecto en plantas.14aCrisantemoxRendimiento.14aDendranthema morifolium.14aFertilización foliar.